| 000 | 00365nam a2200145Ia 4500 | ||
|---|---|---|---|
| 100 | _aBowersox/ Donald/ J | ||
| 942 | _cBK | ||
| 654 | _aLogistical Management | ||
| 245 | _aLogistical Management - Integrated Supply Chain Process | ||
| 260 |
_bTata Mc Graw hill _aNew Delhi _c2000 |
||
| 082 |
_a658.788 _bBOW |
||
| 300 | _a730 | ||
| 546 | _aENGLISH | ||
| 999 |
_c20592 _d20592 |
||